Focus on proficiency

Na minha lista:
Detalhes bibliográficos
Autor principal: O'Connell, Sue
Formato: Livro
Idioma:Vietnamese
Publicado em: Collings London and Galasgow 1989
Assuntos:
Tags: Adicionar Tag
Sem tags, seja o primeiro a adicionar uma tag!
Thư viện lưu trữ: Mạng thư viện Đại học Đà Nẵng
LEADER 00987nam a2200325 4500
001 000009753
003 5951
005 20170411150449.0
008 111102s1989 viesd
020 |c 27000đ 
041 0 |a vie 
082 |a 428.5  |b OC-S 
100 1 |a O'Connell, Sue 
245 0 |a Focus on proficiency  |c Sue O'Connell 
260 |a Collings  |b London and Galasgow  |c 1989 
300 |a 64tr  |c 24cm 
504 |a Mục lục đầu sách 
653 |a Focus 
653 |a Proficiency 
910 |a Thương  |d 02/11/2011 
OWN |a LSP 
AVA |a UDN50  |b LSP  |d 428.5 OC-S  |e available  |t Error 5001 Not defined in file expand_doc_bib_avail.  |f 5  |g 0  |h N  |i 0  |k 1 
999 |a From the UDN01 
AVA |a UDN50  |b LSP  |d 428.5 OC-S  |e available  |t Error 5001 Not defined in file expand_doc_bib_avail.  |f 5  |g 0  |h N  |i 0  |k 1 
TYP |a Monograph 
TYP |a Printed language 
980 |a Mạng thư viện Đại học Đà Nẵng